| 000 | 00539nam a2200217Ia 4500 | ||
|---|---|---|---|
| 003 | GCL | ||
| 008 | 140319s9999 xx 000 0 eng d | ||
| 040 |
_aGCL / _cGCL |
||
| 082 | 0 | 4 |
_a613 _bR R |
| 100 | 1 | _aROHDE, JON | |
| 245 | 1 | 0 |
_aREACHING HEALTH FOR ALL / _cROHDE, JON |
| 700 | 1 | _aCHATTERJEE, MERA | |
| 260 |
_a[S.N] : _bOXFORD UNIVERSITY PRESS ، _c1993 |
||
| 300 | _a524 P | ||
| 650 | 0 | 4 | _aNUTRITION |
| 650 | 0 | 4 | _aHEALTH |
| 650 | 0 | 4 | _aHEALTH CARE |
| 650 | 0 | 4 | _aIMMUNIZATION |
| 650 | 0 | 4 | _aHEALTH DEVELOPMENT |
| 942 |
_2ddc _cBK |
||
| 999 |
_c15320 _d15320 |
||